000 00498nam a22001697a 4500
999 _c40722
_d40722
003 OSt
005 20200606120130.0
008 191030b ||||| |||| 00| 0 eng d
020 _a8188695335
040 _cMESKC library
082 _a891.4399308
_bSUR/U
100 _aSurjit
_976
245 _aUrdu Mahila Kathakaron Ki Vishisht Kahaniyan/
_cSurjit
260 _aDelhi:
_bShivalik Books,
_c2011
300 _a176p
942 _2ddc
_cBK
_h891.439308
_iSUR/U
_k891.439308
_mSUR/U